000 01142nam a22002657a 4500
003 OSt
005 20250517150140.0
008 241127b |||||||| |||| 00| 0 eng d
040 _c0
082 _aDPer 647.94068 In821 August-October 2019
100 _aHaldorai, Kavitha.
_eauthor.
_964328
245 _aFactors affecting hotel employees attrition and turnover :
_bapplication of pull-push-mooring framework /
_cKavitha Haldorai, Woo Gon Kim, Souji Gopalakrishna Pillai, Taesu (Eliot) Park, Kandappan Balasubramanian.
260 _aAmsterdam ;
_bElsevier,
_cSeptember 2019.
300 _aVolume 66, pages 46-55,
_billustration.
500 _aInternational Journal of Hospitality Management, v. 81, pages 46-55, August 2019.
650 0 _aPull-push-mooring framework.
_966831
650 0 _aShort-term.
_966832
650 0 _aMedium-term.
_966833
700 _aHaldorai,Kavitha.
_eauthor.
_964327
700 _aKim, Woo Gon.
_eauthor.
_966834
700 _aPillai, Souji Gopalakrishna.
_eauthor.
_966835
700 _aPark, Taesu (Eliot).
_eauthor.
_966836
700 _aBalasubramanian, Kandappan.
_eauthor.
_966837
942 _2ddc
_cPER
999 _c23240
_d23240